000 01433cam a2200133 4500500
005 20260329024356.0
041 _afre
042 _adc
100 1 0 _aMellier, Denis
_eauthor
245 0 0 _aLes bébés en détresse. Intersubjectivité et travail de lien : Une théorie de la fonction contenante. Préface de Bernard Golse
260 _bPresses Universitaires de France,
_c2005.
520 _aComment intervenir face à un bébé en détresse qui ne peut exprimer par des mots sa souffrance ? Comment apporter un soin psychique ? Cette étude est une synthèse des avancées actuelles de la clinique psychanalytique sur de nombreux terrains institutionnels. Le processus de subjectivation de ces souffrances primitives passe par la présence de l’autre et un authentique travail de transformation qui implique souvent plusieurs professionnels. La «métapsychologie freudienne»sert de creuset à cette réflexion etprend ici une orientation intersubjective, tout en s’informant des avancées actuelles en psychologie développementale et en neurosciences. Avec la clinique des «bébés en détresse» se met en place un nouveau paradigme pour le soin psychique, centré sur un niveau de symbolisation «primaire» très proche du corps et du groupe.
856 4 1 _uhttps://shs.cairn.info/les-bebes-en-detresse-intersubjectivite-et-travail-de-lien--9782130551096?lang=fr&redirect-ssocas=7080
999 _c1933555
_d1933555